Bezpečnosť zelezničných zabezpečovacích systémov /

Hlavní autor: Zahradník, Jiří, 1946-2008
Další autoři: Rástočný, Karol, 1958-, Kunhart, Milan, 1950-
Jazyk: Slovenština
Vydáno: Žilina : Žilinská univerzita, 2004
Vydání: 1. vyd.
Edice: Vedecké monografie
Témata:
Fyzický popis: 270 s. : il. ; 25 cm
Knihy
Uloženo v:
LEADER 01520nam a2200397 a 4500
001 000802786
003 CZ BrMZK
005 20091001111830.0
007 ta
008 051221s2004 xo a erp 000 0 slo
020 |a 80-8070-296-9  |q (váz.) 
040 |a BOA001  |b cze 
072 7 |a 656.2  |x Železniční doprava  |2 Konspekt  |9 4 
072 7 |a 37.016  |x Učební osnovy. Vyučovací předměty. Učebnice  |2 Konspekt  |9 22 
080 |a 621.398:654.924  |2 MRF 
080 |a 656.2/.3  |2 MRF 
080 |a (075.8)  |2 MRF 
100 1 |a Zahradník, Jiří,  |d 1946-2008  |7 mzk2005317881  |4 aut 
245 1 0 |a Bezpečnosť zelezničných zabezpečovacích systémov /  |c Jiří Zahradník, Karol Rástočný, Milan Kunhart 
250 |a 1. vyd. 
260 |a Žilina :  |b Žilinská univerzita,  |c 2004 
300 |a 270 s. :  |b il. ;  |c 25 cm 
490 1 |a Vedecké monografie 
500 |a 300 výt. 
504 |a Obsahuje bibliografii 
541 |a Bratislava, Centrum vedecko-technických informácií SR 
650 0 7 |a elektrické zabezpečovací systémy  |7 ph183350  |2 czenas 
650 0 7 |a železnice  |7 ph127917  |2 czenas 
655 7 |a učebnice vysokých škol  |7 fd133772  |2 czenas 
700 1 |a Rástočný, Karol,  |d 1958-  |7 mzk2005317880  |4 aut 
700 1 |a Kunhart, Milan,  |d 1950-  |7 mzk2005317879  |4 aut 
810 2 |a Žilinská univerzita.  |t Vedecké monografie  |0 s 
910 2 |a BOA001  |b 3-1162.019 
990 |a BK 
991 |b 200601  |c NOV 
996 7 |b 2610268380  |c 3-1162.019  |l MZK  |r Sklad / do 1 hodiny  |n 1  |p vým.  |w 000802786  |u 000010  |a 1  |e BOA001  |j MZK50  |s A